000 00305nam a22001337a 4500
008 170728b xxu||||| |||| 00| 0 eng d
020 _a9780262061582
041 _aeng
080 _a007.52
100 _a21
101 _aIM
245 _aTHREE-DIMENSIONAL COMPUTER VISION
_cFAUGERAS,O
942 _2udc
_cBK
999 _c22101
_d22101